Cẩm nang tư duy đọc = How to read a paragraph

Cung cấp những kiến thức phát triển tư duy đọc để đọc tốt: đọc có mục đích, đọc có suy xét thấu đáo, đọc có cấu trúc, hoạt động đọc, tâm trí đọc, đọc để học, đọc để hiểu các hệ thống tư tưởng, nghệ thuật đọc......

وصف كامل

محفوظ في:
التفاصيل البيبلوغرافية
المؤلف الرئيسي: Paul, Richard
التنسيق: كتاب
اللغة:Undetermined
منشور في: Thành phố Hồ Chí Minh Tổng hợp 2015
الموضوعات:
الوسوم: إضافة وسم
لا توجد وسوم, كن أول من يضع وسما على هذه التسجيلة!
Thư viện lưu trữ: Trung tâm Học liệu Trường Đại học Cần Thơ
LEADER 01072nam a2200217Ia 4500
001 CTU_200283
008 210402s9999 xx 000 0 und d
020 |c 30000 
082 |a 428.6 
082 |b P324 
100 |a Paul, Richard 
245 0 |a Cẩm nang tư duy đọc = 
245 0 |b How to read a paragraph 
245 0 |c Richard Paul, Linda Elder ; Nhà xuất bản Tổng hợp Thành phố Hồ Chí Minh dịch ; Bùi Văn Nam Sơn h.đ. 
260 |a Thành phố Hồ Chí Minh 
260 |b Tổng hợp 
260 |c 2015 
520 |a Cung cấp những kiến thức phát triển tư duy đọc để đọc tốt: đọc có mục đích, đọc có suy xét thấu đáo, đọc có cấu trúc, hoạt động đọc, tâm trí đọc, đọc để học, đọc để hiểu các hệ thống tư tưởng, nghệ thuật đọc... 
650 |a Đọc hiểu,Reading comprehension 
910 |a Bằng 
980 |a Trung tâm Học liệu Trường Đại học Cần Thơ